000 00414nam a2200181 a 4500
001 1765950118273
003 ACL
005 20251217111556.0
008 251217s2009##################000#0#eng##
020 _a9780470423547
082 0 4 _a641.5
_bKRI
100 1 _aKrieger, Ellie,
_eauthor.
245 1 0 _aSo Easy :
260 _bWiley,
_c2009.
650 0 _aCooking.
942 _cENGLISH
040 _aACL
_beng
_cACL
999 _c602946
_d602946